000 00716cam a22002174a 4500
020 _a1578082641
020 _a2876145413
040 _cDLC
041 1 _hfre
082 _a333 FAO 2013 C323 Or.1
245 1 0 _aGenetic diversity of cultivated tropical plants /
260 _aEnfield, NH :
_bScience Publishers ;
_a[Montpellier] :
_bCentre de coop©♭ration internationale en recherche agronomique pour le d©♭veloppement,,
_cc2003
300 _axvi, 359 p. :
_bill., maps ;
_c25 cm
650 0 _aPlant breeding
650 0 _aCrops
650 0 _aTropical crops
700 1 _aHamon, Perla
710 2 _aCIRAD (Organization)
856 4 1 _uhttp://www.loc.gov/catdir/toc/fy041/2002042940.html
942 _cAEDBB
999 _c20524
_d20524